[Event "BL 2324 HSK Lister Turm - Schachfreunde "]
[Site "?"]
[Date "2024.03.16"]
[Round "12.4"]
[White "Schulze, Torben"]
[Black "Zilka, Stepan"]
[Result "1/2-1/2"]
[WhiteElo "2317"]
[BlackElo "2589"]
[PlyCount "69"]
[EventDate "2024.??.??"]

1. e4 c5 2. Nf3 Nc6 3. Bb5 g6 4. O-O Bg7 5. c3 Nf6 6. Re1 O-O 7. d4 cxd4 8. cxd4 d5 9. e5 Ne4 10. Be3 Qb6 11. Bxc6 Qxc6 12. Nfd2 Nxd2 13. Qxd2 Be6 14. Nc3 Rac8 15. Rac1 Qd7 16. Bh6 Bxh6 17. Qxh6 Rc4 18. Qd2 Rfc8 19. b3 R4c6 20. Ne2 Qd8 21. Rxc6 Rxc6 22. Rc1 Rxc1+ 23. Nxc1 Bf5 24. f3 Qb6 25. g4 Bd7 26. Ne2 Bb5 27. Nf4 Qc6 28. Ng2 b6 29. Ne3 a5 30. Qc2 Qxc2 31. Nxc2 f6 32. exf6 exf6 33. Ne3 Bc6 34. f4 g5 35. f5 1/2-1/2

[Event "BL 2324 HSK Lister Turm - Schachfreunde "]
[Site "?"]
[Date "2024.03.16"]
[Round "12.5"]
[White "Dautov, Rustem"]
[Black "Pubantz, Jan"]
[Result "1-0"]
[WhiteElo "2581"]
[BlackElo "2276"]
[PlyCount "87"]
[EventDate "2024.??.??"]

1. d4 d5 2. c4 c6 3. Nf3 Nf6 4. e3 Bf5 5. Nc3 e6 6. Nh4 Be4 7. f3 Bg6 8. Nxg6 hxg6 9. Qb3 Qc7 10. Bd2 Be7 11. O-O-O dxc4 12. Qxc4 a5 13. e4 a4 14. e5 Nfd7 15. Ne4 a3 16. b3 Na6 17. Kb1 Rd8 18. Qc1 b5 19. h4 Kf8 20. Be2 Kg8 21. g4 Nf8 22. Be3 Nb4 23. Bxb5 Nd5 24. Bc4 Nxe3 25. Qxe3 Nd7 26. f4 Nb6 27. Be2 Nd5 28. Qf3 Rb8 29. h5 gxh5 30. gxh5 Rh6 31. f5 exf5 32. Ng3 Qa5 33. Nxf5 Nc3+ 34. Ka1 Nxd1 35. Nxh6+ gxh6 36. Rxd1 Bg5 37. Bc4 Rb7 38. Kb1 Qb6 39. Qe4 Kg7 40. e6 Qb4 41. exf7 Qd6 42. Qe8 Rb8 43. Qg8+ Kf6 44. Rf1+ 1-0

[Event "BL 2324 OSG Baden-Baden - SV Werder Brem"]
[Site "?"]
[Date "2024.03.16"]
[Round "12.1"]
[White "Shevchenko, Kirill"]
[Black "Vachier-Lagrave, Maxime"]
[Result "1/2-1/2"]
[WhiteElo "2670"]
[BlackElo "2728"]
[PlyCount "43"]
[EventDate "2024.??.??"]

1. d4 Nf6 2. c4 g6 3. Nc3 d5 4. cxd5 Nxd5 5. e4 Nxc3 6. bxc3 Bg7 7. Qa4+ Nd7 8. Nf3 O-O 9. Qa3 c5 10. Be2 cxd4 11. cxd4 Nf6 12. Qe3 b5 13. O-O Bb7 14. Bd3 Ng4 15. Qe2 Bxd4 16. Rb1 a6 17. a4 Ne5 18. Nxe5 Bxe5 19. axb5 axb5 20. Bh6 Bg7 21. Bxg7 Kxg7 22. Rxb5 1/2-1/2

[Event "BL 2324 OSG Baden-Baden - SV Werder Brem"]
[Site "?"]
[Date "2024.03.16"]
[Round "12.2"]
[White "Keymer, Vincent"]
[Black "Fressinet, Laurent"]
[Result "1-0"]
[WhiteElo "2738"]
[BlackElo "2637"]
[PlyCount "93"]
[EventDate "2024.??.??"]

1. c4 e6 2. Nc3 d5 3. d4 Nf6 4. cxd5 exd5 5. Bg5 c6 6. e3 Bf5 7. Qf3 Bg6 8. Bxf6 Qxf6 9. Qxf6 gxf6 10. h4 h5 11. Rd1 Nd7 12. Bd3 Rg8 13. Nge2 Bd6 14. Rh3 Bxd3 15. Rxd3 Rg4 16. Kf1 O-O-O 17. f3 Rg6 18. e4 Nb6 19. exd5 Nxd5 20. Nxd5 cxd5 21. Rb3 a6 22. f4 Kb8 23. Rhg3 Rdg8 24. a4 Rc8 25. Rbc3 Re8 26. Rge3 Re4 27. Rxe4 dxe4 28. f5 Rg4 29. g3 Bb4 30. Rc2 Bd6 31. Kf2 Rg8 32. Rc3 Bb4 33. Re3 Re8 34. Nc3 Bxc3 35. bxc3 b5 36. axb5 axb5 37. g4 hxg4 38. Kg3 Kc7 39. Kf4 Kd6 40. Rxe4 Rg8 41. Kg3 Kd5 42. Re3 Kc4 43. h5 Rg5 44. Kh4 Rxf5 45. h6 Rf1 46. Kxg4 f5+ 47. Kh4 1-0

[Event "BL 2324 OSG Baden-Baden - SV Werder Brem"]
[Site "?"]
[Date "2024.03.16"]
[Round "12.5"]
[White "Cheng, Bobby"]
[Black "Kasimdzhanov, Rustam"]
[Result "1/2-1/2"]
[WhiteElo "2584"]
[BlackElo "2687"]
[PlyCount "66"]
[EventDate "2024.??.??"]

1. d4 d5 2. c4 e6 3. Nf3 c5 4. cxd5 exd5 5. g3 Nf6 6. Bg2 Be7 7. O-O O-O 8. dxc5 Bxc5 9. Nc3 Nc6 10. Bg5 d4 11. Ne4 Be7 12. Bxf6 Bxf6 13. b4 a6 14. a4 d3 15. Nxf6+ Qxf6 16. Qxd3 Nxb4 17. Qd4 Qe7 18. Qb6 a5 19. Nd4 Ra6 20. Qb5 Rd6 21. Nf5 Bxf5 22. Qxf5 b6 23. Rad1 g6 24. Qb5 Rc8 25. Rxd6 Qxd6 26. Bf3 Kg7 27. h4 h5 28. Kg2 Qd4 29. e3 Qf6 30. Rd1 Rc5 31. Qe8 Re5 32. Qd7 Nc2 33. Qd2 Rc5 1/2-1/2

[Event "BL 2324 OSG Baden-Baden - SV Werder Brem"]
[Site "?"]
[Date "2024.03.16"]
[Round "12.6"]
[White "Adams, Michael"]
[Black "Pruijssers, Roeland"]
[Result "1-0"]
[WhiteElo "2671"]
[BlackElo "2537"]
[PlyCount "125"]
[EventDate "2024.??.??"]

1. e4 e5 2. Nf3 Nf6 3. d4 Nxe4 4. Bd3 d5 5. Nxe5 Nd7 6. O-O Nxe5 7. dxe5 Nc5 8. Be3 Nxd3 9. Qxd3 c6 10. Nc3 Be7 11. f4 g6 12. Ne2 c5 13. c3 Bf5 14. Qd2 Qd7 15. b4 b6 16. bxc5 bxc5 17. Ng3 O-O 18. Nxf5 Qxf5 19. Qxd5 Rad8 20. Qc4 Qd3 21. Qxd3 Rxd3 22. Kf2 Rxc3 23. Rfc1 Rxc1 24. Rxc1 Rb8 25. Rc2 f6 26. exf6 Bxf6 27. Kf3 Be7 28. Rc3 Rb6 29. Bxc5 Bxc5 30. Rxc5 Ra6 31. Rc2 Kf7 32. g4 h6 33. h4 Kf6 34. g5+ hxg5 35. hxg5+ Ke6 36. Rc7 Rxa2 37. Rg7 Ra6 38. Kg3 Kd5 39. Kg4 Ke4 40. Re7+ Kd5 41. Rg7 Ke4 42. Re7+ Kd5 43. Rf7 Ke4 44. Rf6 Rb6 45. f5 gxf5+ 46. Rxf5 Kd4 47. Kh5 Kc4 48. g6 Rb8 49. Ra5 Rb7 50. Kh6 Kb4 51. Ra6 Kb5 52. Ra1 Rd7 53. g7 Rxg7 54. Kxg7 a5 55. Kf6 a4 56. Ke5 Kb4 57. Kd4 Kb3 58. Kd3 a3 59. Rb1+ Ka2 60. Rb6 Ka1 61. Kc3 a2 62. Re6 Kb1 63. Re1# 1-0

[Event "BL 2324 OSG Baden-Baden - SV Werder Brem"]
[Site "?"]
[Date "2024.03.16"]
[Round "12.7"]
[White "Wachinger, Nikolas"]
[Black "Bacrot, Etienne"]
[Result "0-1"]
[WhiteElo "2442"]
[BlackElo "2680"]
[PlyCount "80"]
[EventDate "2024.??.??"]

1. e4 c5 2. Nf3 e6 3. d4 cxd4 4. Nxd4 Nc6 5. Nc3 Qc7 6. f4 a6 7. Nxc6 Qxc6 8. Bd3 b5 9. Qe2 Bb7 10. Bd2 Be7 11. a3 Rc8 12. Rf1 Nf6 13. f5 e5 14. g4 h6 15. O-O-O b4 16. axb4 Bxb4 17. h4 d6 18. Rfe1 Qb6 19. g5 Nd7 20. Bc4 hxg5 21. hxg5 Nc5 22. g6 f6 23. Rh1 Rxh1 24. Rxh1 Bxc3 25. Bxc3 Nxe4 26. Rh8+ Ke7 27. Rh7 d5 28. Rxg7+ Kd6 29. Rxb7 Qxb7 30. Bxa6 Ra8 31. Qxe4 Qxa6 32. Bb4+ Kc6 33. Qe3 Qc4 34. Be7 Ra1+ 35. Kd2 Kd7 36. Bxf6 Qb4+ 37. Qc3 Qf4+ 38. Qe3 Rd1+ 39. Kxd1 Qxe3 40. g7 Qg1+ 0-1

[Event "BL 2324 SC Ötigheim - SK Kirchweyhe"]
[Site "?"]
[Date "2024.03.16"]
[Round "12.2"]
[White "Lagarde, Maxime"]
[Black "Brkic, Ante"]
[Result "1/2-1/2"]
[WhiteElo "2638"]
[BlackElo "2633"]
[PlyCount "71"]
[EventDate "2024.??.??"]

1. d4 Nf6 2. c4 e6 3. Nf3 d5 4. g3 Bb4+ 5. Bd2 a5 6. Bg2 O-O 7. Qc1 Be7 8. O-O c6 9. Bf4 Nbd7 10. Rd1 h6 11. h4 a4 12. a3 Qb6 13. Nc3 Qa6 14. e4 Nxe4 15. Nxe4 dxe4 16. Ne5 Nxe5 17. dxe5 f5 18. exf6 Bxf6 19. Bd6 Rd8 20. Bxe4 Qb6 21. Qf4 Qxb2 22. Rab1 Qe2 23. Re1 Qh5 24. c5 Bc3 25. Bc2 Bxe1 26. Rxe1 Rxd6 27. cxd6 Bd7 28. Re5 Qf7 29. Qe4 g6 30. f4 b5 31. Rxb5 cxb5 32. Qxa8+ Qf8 33. Qe4 Qf5 34. Qa8+ Qf8 35. Qe4 Qf5 36. Qa8+ 1/2-1/2

[Event "BL 2324 SC Ötigheim - SK Kirchweyhe"]
[Site "?"]
[Date "2024.03.16"]
[Round "12.4"]
[White "Van den Doel, Erik"]
[Black "Markus, Robert"]
[Result "1-0"]
[WhiteElo "2547"]
[BlackElo "2595"]
[PlyCount "152"]
[EventDate "2024.??.??"]

1. d4 Nf6 2. Nf3 d6 3. Nbd2 Nbd7 4. e4 e5 5. c3 g6 6. Bd3 Bg7 7. O-O O-O 8. Re1 Re8 9. a4 a5 10. h3 h6 11. Nf1 Nf8 12. Ng3 N6h7 13. Be3 Ne6 14. dxe5 dxe5 15. Bb5 Rf8 16. Qxd8 Rxd8 17. Red1 Nhf8 18. Nf1 f6 19. Bc4 Rxd1 20. Rxd1 Kf7 21. Nh4 Ke8 22. Nd2 Bd7 23. Ra1 Kd8 24. Kf1 Ng5 25. Ke2 Be6 26. Bxe6 Ngxe6 27. g3 Ke8 28. Rf1 Kf7 29. Rd1 b6 30. Nc4 Ng5 31. Bxg5 hxg5 32. Ng2 Ne6 33. h4 gxh4 34. Nxh4 Rd8 35. Rxd8 Nxd8 36. Kd3 Bf8 37. Nd2 Ne6 38. Nb3 Bc5 39. Ke2 Bd6 40. Nf3 Ke7 41. Nfd2 Kd7 42. Nc4 Bf8 43. Ne3 Bh6 44. Nd5 f5 45. f3 fxe4 46. Nf6+ Kc6 47. Nxe4 Ng7 48. Kd3 Nf5 49. Na1 Bc1 50. b3 Nd6 51. Nc2 Kd5 52. Ne1 Bb2 53. Ng2 Bc1 54. Nh4 g5 55. Ng2 Ke6 56. g4 Nf7 57. Ne3 Kd7 58. Nd5 Ba3 59. Kc4 Kc6 60. Ne3 Bc1 61. Kd3 Kd7 62. Nc4 Kc6 63. Nf2 Kd5 64. Ne4 Kc6 65. Nf6 Kc5 66. Ke4 Kc6 67. Nxe5+ Nxe5 68. Kxe5 b5 69. axb5+ Kxb5 70. Nd5 c6 71. Nc7+ Kb6 72. Ne6 Kb5 73. Kd4 Bd2 74. Kd3 Bc1 75. Nd4+ Kc5 76. b4+ Kd5 1-0

[Event "BL 2324 SC Ötigheim - SK Kirchweyhe"]
[Site "?"]
[Date "2024.03.16"]
[Round "12.5"]
[White "Stevic, Hrvoje"]
[Black "Laurent-Paoli, Pierre"]
[Result "0-1"]
[WhiteElo "2544"]
[BlackElo "2537"]
[PlyCount "70"]
[EventDate "2024.??.??"]

1. e4 c6 2. d4 d5 3. e5 Bf5 4. Nf3 e6 5. Be2 c5 6. c3 Nc6 7. O-O Bg4 8. Nbd2 cxd4 9. cxd4 Bh5 10. h3 a5 11. Nb1 Nge7 12. g4 Bg6 13. Nc3 h5 14. Bg5 hxg4 15. hxg4 Qb6 16. Na4 Qc7 17. Rc1 Be4 18. Nh2 f6 19. Bf4 Ng6 20. Bg3 fxe5 21. Nc3 Nf4 22. Nxe4 dxe4 23. Bb5 exd4 24. Qe1 Qe5 25. Bxc6+ bxc6 26. Rxc6 Qd5 27. Rb6 g5 28. Qd1 Bc5 29. Rb5 Qc4 30. Rb7 Bd6 31. Re1 d3 32. Re3 Ne2+ 33. Rxe2 dxe2 34. Qxd6 e1=Q+ 35. Kg2 Qh1+ 0-1

[Event "BL 2324 SC Ötigheim - SK Kirchweyhe"]
[Site "?"]
[Date "2024.03.16"]
[Round "12.6"]
[White "Riehle, Marco"]
[Black "Jovanovic, Zoran"]
[Result "0-1"]
[WhiteElo "2371"]
[BlackElo "2529"]
[PlyCount "90"]
[EventDate "2024.??.??"]

1. e4 e5 2. Nf3 d6 3. d4 exd4 4. Nxd4 Nf6 5. Nc3 Be7 6. Bc4 O-O 7. O-O c6 8. a4 Re8 9. Re1 Bf8 10. h3 Nbd7 11. Bf4 a5 12. Qf3 Ne5 13. Bxe5 dxe5 14. Nf5 Bxf5 15. Qxf5 Bc5 16. Rad1 Qe7 17. Rd3 g6 18. Qg5 Kg7 19. Rf3 Rad8 20. Bd3 Bb4 21. Rb1 Nd7 22. Qe3 Bc5 23. Qe2 Nb6 24. Bc4 Nxc4 25. Qxc4 Rd2 26. Rd1 Red8 27. Rxd2 Rxd2 28. Ne2 h5 29. g3 b6 30. Kf1 Qd7 31. g4 hxg4 32. hxg4 Rd1+ 33. Kg2 Qxg4+ 34. Ng3 Rg1+ 35. Kxg1 Qxf3 36. Nh1 Qg4+ 37. Kf1 Qh3+ 38. Kg1 Qf3 39. b3 Kf6 40. Kh2 Kg5 41. Qd3 Qxd3 42. cxd3 f5 43. Ng3 Bxf2 44. Nf1 fxe4 45. Kg2 Bd4 0-1

[Event "BL 2324 SC Ötigheim - SK Kirchweyhe"]
[Site "?"]
[Date "2024.03.16"]
[Round "12.7"]
[White "Kovacevic, Aleksandar"]
[Black "Lai, Hing Ting"]
[Result "1-0"]
[WhiteElo "2474"]
[BlackElo "2480"]
[PlyCount "65"]
[EventDate "2024.??.??"]

1. e4 c6 2. d4 d5 3. exd5 cxd5 4. Bd3 Nc6 5. c3 Qc7 6. h3 e6 7. Nf3 Bd6 8. O-O Nge7 9. Re1 h6 10. Nbd2 O-O 11. Nf1 Bd7 12. Ne3 Rae8 13. Bd2 e5 14. dxe5 Nxe5 15. Nxe5 Bxe5 16. Ng4 Bf4 17. Bxf4 Qxf4 18. Ne5 Rd8 19. Bc2 Bc8 20. Re3 Rd6 21. Qe2 Qf6 22. Re1 Re6 23. Qd3 g6 24. Qd4 b6 25. Qa4 a5 26. Nd7 Bxd7 27. Qxd7 Kg7 28. R1e2 Rxe3 29. Rxe3 Nf5 30. Bxf5 Rd8 31. Qc7 gxf5 32. Re7 d4 33. Qxd8 1-0

[Event "BL 2324 SC Ötigheim - SK Kirchweyhe"]
[Site "?"]
[Date "2024.03.16"]
[Round "12.8"]
[White "Heinz, Timothee"]
[Black "Zelcic, Robert"]
[Result "1/2-1/2"]
[WhiteElo "2358"]
[BlackElo "2466"]
[PlyCount "90"]
[EventDate "2024.??.??"]

1. d4 Nf6 2. Nf3 d5 3. c4 e6 4. g3 dxc4 5. Bg2 Bb4+ 6. Bd2 c5 7. Qc1 Bxd2+ 8. Nbxd2 cxd4 9. Nxc4 Nc6 10. O-O O-O 11. Rd1 Qe7 12. Nxd4 Nxd4 13. Rxd4 e5 14. Rd1 e4 15. Qf4 Be6 16. Qe5 Rfd8 17. Bh3 Re8 18. Bxe6 Qxe6 19. Qxe6 Rxe6 20. Rd4 g6 21. Rad1 Ra6 22. Rd6 Rxd6 23. Rxd6 Kg7 24. Kf1 Rc8 25. b3 Rc7 26. Ke1 h5 27. f3 Rc5 28. Kd2 h4 29. Ke1 hxg3 30. hxg3 exf3 31. exf3 Rh5 32. Ne3 Ra5 33. a4 b5 34. axb5 Rxb5 35. Rd3 Nh7 36. Nd5 Ng5 37. Nf4 Ra5 38. Ke2 Ra2+ 39. Ke3 a5 40. Rc3 Ra3 41. Rd3 Ra1 42. Ke2 Rb1 43. Rc3 Nh7 44. Nd3 Nf6 45. Rc5 Rxb3 1/2-1/2

[Event "BL 2324 FC Bayern München - SG Solingen"]
[Site "?"]
[Date "2024.03.16"]
[Round "12.2"]
[White "Idani, Pouya"]
[Black "L'Ami, Erwin"]
[Result "1/2-1/2"]
[WhiteElo "2609"]
[BlackElo "2633"]
[PlyCount "92"]
[EventDate "2024.??.??"]

1. e4 c6 2. d4 d5 3. e5 Bf5 4. Bd3 Bxd3 5. Qxd3 Qa5+ 6. c3 Qa6 7. Qd1 e6 8. Ne2 Ne7 9. O-O Nd7 10. b4 Qb6 11. Nd2 a5 12. a3 Qc7 13. a4 Nf5 14. Rb1 axb4 15. cxb4 Be7 16. Qc2 h5 17. a5 b6 18. b5 bxa5 19. bxc6 Nb6 20. Qb3 Rb8 21. Qa2 Qxc6 22. Qxa5 O-O 23. Qa6 Rfc8 24. Nf3 Qc4 25. Rxb6 Rxb6 26. Qxb6 Qxe2 27. Bd2 Kh7 28. Bg5 Qc2 29. Be3 Rc3 30. Qb1 Qxb1 31. Rxb1 Kg6 32. Re1 Bb4 33. Rb1 Ba3 34. Re1 Bb4 35. Rb1 Be7 36. Re1 Bd8 37. Kf1 Rb3 38. h3 h4 39. Ke2 Rb2+ 40. Kf1 Bb6 41. Re2 Rb1+ 42. Re1 Rb4 43. Rd1 f6 44. Ke2 Rc4 45. Kd3 Bc7 46. Ra1 Rc6 1/2-1/2

[Event "BL 2324 FC Bayern München - SG Solingen"]
[Site "?"]
[Date "2024.03.16"]
[Round "12.3"]
[White "Andersen, Mads"]
[Black "Dragnev, Valentin"]
[Result "1-0"]
[WhiteElo "2599"]
[BlackElo "2575"]
[PlyCount "85"]
[EventDate "2024.??.??"]

1. e4 e5 2. Nf3 Nc6 3. Bb5 a6 4. Ba4 Nf6 5. d3 Bc5 6. Bxc6 dxc6 7. Nbd2 Be6 8. O-O Qd6 9. Qe1 Nd7 10. Nb3 Bg4 11. Nfd2 Qg6 12. Kh1 Be7 13. Nc4 Qh5 14. f4 Bh4 15. Qe3 exf4 16. Qxf4 O-O-O 17. Nd4 Nc5 18. Ne5 Ne6 19. Nxe6 Bxe6 20. g4 Qh6 21. Qxh6 gxh6 22. Bxh6 Rhg8 23. Nxf7 Rde8 24. Ne5 Be7 25. h3 Bd6 26. Nf3 Rg6 27. Bd2 h5 28. gxh5 Rg3 29. Ng5 Rg8 30. h4 Rg4 31. Be1 Bd7 32. Rg1 Rh8 33. Rxg4 Bxg4 34. Kg2 Rxh5 35. Bg3 Be7 36. Bf4 Bd7 37. Kg3 Rh8 38. Rf1 Rg8 39. Be3 Bd6+ 40. Bf4 Be7 41. d4 b5 42. b3 a5 43. Bd2 1-0

[Event "BL 2324 FC Bayern München - SG Solingen"]
[Site "?"]
[Date "2024.03.16"]
[Round "12.4"]
[White "Bogner, Sebastian"]
[Black "Van Wely, Loek"]
[Result "1-0"]
[WhiteElo "2551"]
[BlackElo "2618"]
[PlyCount "97"]
[EventDate "2024.??.??"]

1. d4 d5 2. c4 c6 3. Nf3 Nf6 4. Nc3 dxc4 5. a4 e6 6. e3 c5 7. Bxc4 Nc6 8. O-O cxd4 9. exd4 Be7 10. Bg5 O-O 11. Qd2 Nb4 12. Ne5 Bd7 13. Bxf6 gxf6 14. Nxd7 Qxd7 15. Rad1 Qc7 16. Qe2 Rac8 17. Bb3 Rfd8 18. d5 exd5 19. Rfe1 Bc5 20. Qg4+ Kh8 21. Qf5 Bf8 22. Nxd5 Nxd5 23. Bxd5 Bg7 24. Be4 Kg8 25. Qxh7+ Kf8 26. Qf5 b6 27. Qf3 Rxd1 28. Rxd1 Rd8 29. Bd5 Qe5 30. b3 f5 31. g3 Bf6 32. Kg2 Be7 33. Rd3 Bc5 34. h4 Rd6 35. Bc4 Qe4 36. Qxe4 fxe4 37. Rxd6 Bxd6 38. Bd5 f5 39. Be6 f4 40. g4 f3+ 41. Kh3 Ke7 42. Bd5 e3 43. fxe3 f2 44. Bc4 Bc5 45. g5 Kd6 46. Kg4 Bxe3 47. h5 a5 48. h6 Ke7 49. Kh5 1-0

[Event "BL 2324 FC Bayern München - SG Solingen"]
[Site "?"]
[Date "2024.03.16"]
[Round "12.5"]
[White "Smeets, Jan"]
[Black "Lokander, Martin"]
[Result "1/2-1/2"]
[WhiteElo "2546"]
[BlackElo "2464"]
[PlyCount "68"]
[EventDate "2024.??.??"]

1. e4 e5 2. Nf3 Nc6 3. Bb5 a6 4. Ba4 f5 5. d4 exd4 6. e5 b5 7. Bb3 Bb7 8. a4 Na5 9. Ba2 c5 10. b4 Nc6 11. bxc5 Bxc5 12. O-O Qb6 13. Nbd2 Nb4 14. Nb3 Nxa2 15. Rxa2 Ne7 16. axb5 axb5 17. Rxa8+ Bxa8 18. Nxc5 Qxc5 19. Qxd4 Qxd4 20. Nxd4 b4 21. Bg5 Kf7 22. Bxe7 Kxe7 23. Rb1 Rb8 24. c3 Be4 25. Rxb4 Rc8 26. f3 Bd5 27. Nxf5+ Ke6 28. Ne3 Rxc3 29. Kf2 Kxe5 30. Rb5 Rd3 31. Ke2 Rd4 32. Ra5 Ke6 33. Nxd5 Rxd5 34. Ra8 Rb5 1/2-1/2

[Event "BL 2324 FC Bayern München - SG Solingen"]
[Site "?"]
[Date "2024.03.16"]
[Round "12.6"]
[White "Kurmann, Oliver"]
[Black "Nikolic, Predrag"]
[Result "1/2-1/2"]
[WhiteElo "2429"]
[BlackElo "2533"]
[PlyCount "82"]
[EventDate "2024.??.??"]

1. e4 c6 2. Nf3 g6 3. d4 Bg7 4. h3 d6 5. Bd3 Nf6 6. O-O O-O 7. Re1 Nbd7 8. Nbd2 b5 9. c3 Nb6 10. Nf1 a6 11. Ng3 Qc7 12. Be3 c5 13. Qd2 e5 14. Bh6 Ne8 15. Bxg7 Nxg7 16. Rad1 Be6 17. Bb1 f6 18. Nh2 Rad8 19. b3 c4 20. b4 d5 21. exd5 Nxd5 22. Nf3 Nf4 23. Qe3 Bd5 24. dxe5 fxe5 25. Ne4 Nf5 26. Qc1 Nd6 27. Qe3 Nf5 28. Qc1 Kg7 29. g3 Nd3 30. Bxd3 cxd3 31. Nc5 Nxg3 32. Rxd3 Qf7 33. fxg3 Bxf3 34. Rxd8 Rxd8 35. Qe3 Kg8 36. Rf1 Rf8 37. Qxe5 Qxa2 38. Qe6+ Qxe6 39. Nxe6 Re8 40. Rxf3 Rxe6 41. Kf2 Kg7 1/2-1/2

[Event "BL 2324 FC Bayern München - SG Solingen"]
[Site "?"]
[Date "2024.03.16"]
[Round "12.7"]
[White "Naumann, Alexander"]
[Black "Lindgren, Philip"]
[Result "1/2-1/2"]
[WhiteElo "2491"]
[BlackElo "2395"]
[PlyCount "95"]
[EventDate "2024.??.??"]

1. c4 Nf6 2. Nf3 e6 3. g3 d5 4. Bg2 Be7 5. d4 O-O 6. O-O b6 7. Nc3 Bb7 8. cxd5 exd5 9. Bf4 c5 10. Rc1 Na6 11. Qa4 Nc7 12. Rfd1 Ne6 13. Be5 c4 14. b3 Qe8 15. Qxe8 Rfxe8 16. bxc4 dxc4 17. d5 Nf8 18. d6 Bd8 19. Nb5 a6 20. Bxf6 axb5 21. Bxd8 Rexd8 22. Ne5 Bxg2 23. Kxg2 Rac8 24. Rd5 f6 25. Nf3 Rc5 26. Rxc5 bxc5 27. a4 b4 28. Rxc4 Ne6 29. Nd2 Rxd6 30. Nb3 Ra6 31. f4 f5 32. e4 g6 33. exf5 gxf5 34. g4 Rxa4 35. gxf5 Ra2+ 36. Kf3 Nd4+ 37. Nxd4 cxd4 38. Rxb4 d3 39. h4 Rh2 40. Rd4 Rxh4 41. Ke4 Rh3 42. f6 Rh5 43. Rxd3 Kf7 44. Rd6 Ra5 45. Rd7+ Kxf6 46. Rxh7 Ra4+ 47. Kf3 Ra1 48. Rh6+ 1/2-1/2

[Event "BL 2324 FC Bayern München - SG Solingen"]
[Site "?"]
[Date "2024.03.16"]
[Round "12.8"]
[White "Rafiee, Makan"]
[Black "Wegerle, Joerg"]
[Result "1/2-1/2"]
[WhiteElo "2279"]
[BlackElo "2407"]
[PlyCount "43"]
[EventDate "2024.??.??"]

1. e4 c5 2. Nf3 Nc6 3. d4 cxd4 4. Nxd4 e5 5. Nb5 a6 6. Nd6+ Bxd6 7. Qxd6 Qe7 8. Qxe7+ Ngxe7 9. Bd2 d5 10. Nc3 Be6 11. exd5 Nxd5 12. Nxd5 Bxd5 13. O-O-O O-O-O 14. Bc3 f6 15. Be2 Kc7 16. Rd2 Be4 17. f3 Rxd2 18. Kxd2 Rd8+ 19. Kc1 Bg6 20. Rd1 Nd4 21. Rd2 Nxe2+ 22. Rxe2 1/2-1/2

[Event "BL 2324 MSA Zugzwang - SV Mülheim Nord"]
[Site "?"]
[Date "2024.03.16"]
[Round "12.1"]
[White "Navara, David"]
[Black "Horvath, Dominik"]
[Result "1-0"]
[WhiteElo "2669"]
[BlackElo "2534"]
[PlyCount "111"]
[EventDate "2024.??.??"]

1. e4 c6 2. d4 d5 3. exd5 cxd5 4. Bd3 Nf6 5. c3 Bg4 6. Qb3 Qc7 7. h3 Bh5 8. Ne2 Nc6 9. Bf4 Qd7 10. Nd2 e6 11. O-O Bd6 12. Bxd6 Qxd6 13. Rfe1 O-O 14. Ng3 Bg6 15. Bxg6 hxg6 16. Nf3 Rab8 17. a4 Qf4 18. Re3 Na5 19. Qc2 Nc4 20. Ree1 Rbc8 21. Ra2 Rc7 22. a5 g5 23. Ne2 Qe4 24. Qc1 g4 25. Ng5 Qd3 26. hxg4 Nxg4 27. Qf4 Qd2 28. Qxd2 Nxd2 29. f3 Ne3 30. b3 Ndf1 31. Rxf1 Nxf1 32. Kxf1 Re8 33. Nh3 f6 34. Nhf4 Kf7 35. Kf2 Rh8 36. Ra1 Rcc8 37. Nd3 Rc7 38. b4 Rb8 39. Nc5 Re8 40. f4 g6 41. Rh1 Kg7 42. Nd3 Rcc8 43. Ke3 Rc7 44. Kd2 Rcc8 45. a6 bxa6 46. Ra1 Rc6 47. Nc5 Rh8 48. Nxa6 Rh2 49. Nc5 Rxg2 50. Rxa7+ Kh6 51. Nd7 g5 52. fxg5+ Kxg5 53. b5 Rc8 54. b6 Rh8 55. Ra1 Rhh2 56. Re1 1-0

[Event "BL 2324 MSA Zugzwang - SV Mülheim Nord"]
[Site "?"]
[Date "2024.03.16"]
[Round "12.3"]
[White "Fridman, Daniel"]
[Black "Baidetskyi, Valentin"]
[Result "1-0"]
[WhiteElo "2590"]
[BlackElo "2485"]
[PlyCount "113"]
[EventDate "2024.??.??"]

1. d4 Nf6 2. c4 g6 3. g3 Bg7 4. Bg2 O-O 5. Nc3 d6 6. Nf3 Nc6 7. O-O e5 8. d5 Nb8 9. e4 a5 10. Rb1 Na6 11. b3 Nc5 12. Re1 Bd7 13. Qc2 Nh5 14. Be3 b6 15. a3 a4 16. b4 Nb3 17. Nd2 f5 18. exf5 Bxf5 19. Nde4 Nf6 20. Rbd1 Kh8 21. Nb5 Ng4 22. h3 Nxe3 23. fxe3 h5 24. Qe2 Bh6 25. Kh2 Qe7 26. Rf1 Kg7 27. Nbc3 Bd7 28. Bf3 Rf7 29. Rf2 Raf8 30. Rdf1 Kg8 31. Qe1 Kg7 32. Kg2 Qd8 33. Bd1 Rxf2+ 34. Rxf2 Qc8 35. Rxf8 Qxf8 36. g4 hxg4 37. hxg4 Qe7 38. Qf2 Bg5 39. Nxg5 Qxg5 40. Ne4 Qd8 41. Kg3 g5 42. Kg2 Be8 43. Ng3 Bg6 44. Bc2 Qf6 45. Bf5 Bf7 46. Ne4 Qe7 47. Kf1 c5 48. dxc6 Bxc4+ 49. Kg1 d5 50. Ng3 d4 51. Qh2 Kg8 52. Qh6 dxe3 53. Ne4 Qd8 54. Qh7+ Kf8 55. Qh8+ Bg8 56. Qh6+ Ke8 57. Nd6+ 1-0

[Event "BL 2324 MSA Zugzwang - SV Mülheim Nord"]
[Site "?"]
[Date "2024.03.16"]
[Round "12.5"]
[White "Beerdsen, Thomas"]
[Black "Kindermann, Stefan"]
[Result "0-1"]
[WhiteElo "2505"]
[BlackElo "2439"]
[PlyCount "74"]
[EventDate "2024.??.??"]

1. e4 e6 2. Nf3 d5 3. e5 c5 4. b4 cxb4 5. a3 Nc6 6. axb4 Bxb4 7. c3 Bf8 8. d4 Bd7 9. Bd3 h6 10. h4 Nge7 11. Na3 a6 12. h5 Na5 13. g4 Qc7 14. Nb1 Nc4 15. Nbd2 b5 16. Rg1 Nb6 17. g5 Qxc3 18. Ra3 Qc7 19. Ra2 hxg5 20. Nxg5 Nf5 21. Ndf3 Rxh5 22. Rc2 Nc4 23. Nxf7 Kxf7 24. Ng5+ Rxg5 25. Bxg5 Bb4+ 26. Kf1 Rh8 27. Qg4 Rh7 28. Re2 Kg8 29. Bf4 Qc8 30. Qg6 Qf8 31. f3 Qf7 32. Reg2 Qxg6 33. Rxg6 Nxd4 34. Rf6 Rh3 35. Bh6 Bf8 36. Rfg6 Rxf3+ 37. Ke1 Bb4+ 0-1

[Event "BL 2324 Hamburger SK - SC Remagen Sinzig"]
[Site "?"]
[Date "2024.03.16"]
[Round "12.1"]
[White "Pavlidis, Antonios"]
[Black "Svane, Rasmus"]
[Result "1/2-1/2"]
[WhiteElo "2581"]
[BlackElo "2623"]
[PlyCount "61"]
[EventDate "2024.??.??"]

1. e4 e5 2. Nf3 Nc6 3. Bb5 Nf6 4. d3 Bc5 5. Nbd2 Nd4 6. Nxd4 Bxd4 7. c3 Bb6 8. d4 c6 9. dxe5 cxb5 10. exf6 Qxf6 11. O-O O-O 12. Nf3 d6 13. Re1 Bg4 14. Be3 b4 15. Bxb6 axb6 16. cxb4 Qxb2 17. Qd4 Rxa2 18. Rxa2 Qxa2 19. Nh4 Qe6 20. h3 Qe7 21. hxg4 Qxh4 22. Qxb6 Qe7 23. g5 d5 24. Qc5 Qxc5 25. bxc5 dxe4 26. Rxe4 Rc8 27. Re7 Kf8 28. Rxb7 Rxc5 29. f4 g6 30. Kf2 Kg7 31. g3 1/2-1/2

[Event "BL 2324 Hamburger SK - SC Remagen Sinzig"]
[Site "?"]
[Date "2024.03.16"]
[Round "12.2"]
[White "Svane, Frederik"]
[Black "Plat, Vojtech"]
[Result "1/2-1/2"]
[WhiteElo "2617"]
[BlackElo "2528"]
[PlyCount "104"]
[EventDate "2024.??.??"]

1. e4 c5 2. Nf3 Nc6 3. Bb5 g6 4. O-O Bg7 5. c3 a6 6. Bxc6 dxc6 7. d4 cxd4 8. cxd4 Nf6 9. Qc2 O-O 10. h3 e5 11. dxe5 Nd7 12. Bf4 Qe7 13. Nc3 b5 14. Rad1 Nxe5 15. Bxe5 Bxe5 16. Nxe5 Qxe5 17. f4 Qc5+ 18. Qf2 Qxf2+ 19. Rxf2 Re8 20. Rd6 Kg7 21. e5 g5 22. Rxc6 gxf4 23. Rc5 Be6 24. Rxf4 Rec8 25. Rxc8 Rxc8 26. a3 Rc5 27. Re4 h5 28. Kf2 Kg6 29. Kg3 Kf5 30. Rh4 Kg6 31. Rd4 Kf5 32. Rh4 Kg6 33. Rd4 Kf5 34. Rd6 Rc4 35. Rxa6 b4 36. axb4 Rxb4 37. Nd1 h4+ 38. Kf2 Kxe5 39. Ra5+ Kf6 40. Kf3 Bf5 41. Nc3 Rxb2 42. Nd5+ Kg7 43. Ne3 Bc8 44. Nf5+ Bxf5 45. Rxf5 Rb3+ 46. Kg4 Rg3+ 47. Kxh4 Rxg2 48. Rg5+ Rxg5 49. Kxg5 f6+ 50. Kf5 Kh6 51. Kxf6 Kh5 52. h4 Kxh4 1/2-1/2